[Event "Hoogovens"]
[Site "Wijk aan Zee"]
[Date "1989.??.??"]
[Round "?"]
[White "Sokolov, Ivan"]
[Black "Benjamin, Joel"]
[Result "1/2-1/2"]
[WhiteElo "2580"]
[BlackElo "2545"]

1.d4 Nf6 2.c4 e6 3.Nc3 Bb4 4.e3 c5 5.Bd3 Nc6 6.Ne2 cxd4 7.exd4 d5 8.cxd5 Nxd5
9.Bc2 Bd6 10.Ne4 Bb4+ 11.N4c3 Bd6 12.Ne4  1/2-1/2

[Event "Hoogovens"]
[Site "Wijk aan Zee"]
[Date "1989.??.??"]
[Round "?"]
[White "Anand, Viswanathan"]
[Black "Ribli, Zoltan"]
[Result "1/2-1/2"]
[WhiteElo "2515"]
[BlackElo "2625"]

1.e4 c5 2.Nf3 d6 3.d4 cxd4 4.Nxd4 Nf6 5.Nc3 a6 6.f4 Qc7 7.Be2 e6 8.O-O Be7
9.a4 O-O 10.Kh1 Nc6 11.Be3 Re8 12.Bf3 Bd7 13.Nb3 Na5 14.Nxa5 Qxa5 15.Qd3 Red8
16.Qd2 Bc6  1/2-1/2

[Event "Hoogovens"]
[Site "Wijk aan Zee"]
[Date "1989.??.??"]
[Round "?"]
[White "Benjamin, Joel"]
[Black "Georgiev, Kiril"]
[Result "1-0"]
[WhiteElo "2545"]
[BlackElo "2590"]

1.d4 e6 2.c4 Nf6 3.Nc3 Bb4 4.e3 c5 5.Bd3 Nc6 6.Ne2 cxd4 7.exd4 d5 8.cxd5 Nxd5
9.a3 Bd6 10.Be4 Nf6 11.Bg5 O-O 12.Bc2 h6 13.Bxf6 Qxf6 14.Ne4 Qe7 15.Qd3 g6
16.Qe3 Kg7 17.O-O Bd7 18.Rad1 Rad8 19.N2c3 Bc8 20.Ba4 Bc7 21.b4 e5 22.d5 Nd4
23.Nb5 Rxd5 24.Nec3 Rdd8 25.Rxd4 Bb6 26.Rxd8 Bxe3 27.Rxf8 Bxf2+ 28.Rxf2 Kxf8
29.Nd5 Qg5 30.Bb3 Bh3 31.Nbc3 f5 32.Re2 e4 33.Ne3 h5 34.Ncd5 h4 35.Rc2 Kg7
36.Kf1 Bg4 37.Rc7+ Kh6 38.Rf7 Bh5 39.Kf2 a6 40.g3 b5 41.Nf6  1-0

[Event "Hoogovens"]
[Site "Wijk aan Zee"]
[Date "1989.??.??"]
[Round "?"]
[White "Benjamin, Joel"]
[Black "Douven, Rudy C"]
[Result "0-1"]
[WhiteElo "2545"]
[BlackElo "2445"]

1.e4 c6 2.d4 d5 3.exd5 cxd5 4.c4 Nf6 5.Nc3 e6 6.Nf3 Bb4 7.cxd5 exd5 8.Bd3 O-O
9.O-O Bg4 10.Bg5 Bxc3 11.bxc3 Nbd7 12.Qd2 Bxf3 13.gxf3 Rc8 14.Kh1 Rc6 15.Rg1 Kh8
16.Rab1 Qc8 17.Qf4 Nh5 18.Qh4 g6 19.Bb5 Re6 20.c4 Nb6 21.Be7 Rg8 22.c5 Nd7
23.Bd3 Re8 24.Bd6 Nhf6 25.Qg5 Qc6 26.Bb5 Qc8 27.Rgc1 Qd8 28.Bf1 Qa5 29.Rxb7 Qxa2
30.Bg3 Re1 31.c6 Qa6 32.Rxe1 Rxe1 33.Rb8+ Kg7  0-1

[Event "Hoogovens"]
[Site "Wijk aan Zee"]
[Date "1989.??.??"]
[Round "?"]
[White "Benjamin, Joel"]
[Black "Piket, Jeroen"]
[Result "1-0"]
[WhiteElo "2545"]
[BlackElo "2500"]

1.e4 c5 2.Nf3 d6 3.d4 cxd4 4.Nxd4 Nf6 5.Nc3 Nc6 6.Be2 g6 7.O-O Bg7 8.Be3 O-O
9.Kh1 Nxd4 10.Bxd4 Bd7 11.f4 Bc6 12.Bf3 Nd7 13.Bxg7 Kxg7 14.Qd2 Qb6 15.b3 a5
16.Rae1 Rad8 17.Nd5 Bxd5 18.exd5 Rfe8 19.Re2 Rc8 20.c4 Qb4 21.Qb2+ Kg8 22.Bg4 f5
23.Bf3 b5 24.g4 bxc4 25.gxf5 cxb3 26.fxg6 Nf6 27.Rxe7 Qxf4 28.gxh7+ Kh8 29.Bg2 Qg5
30.Rxe8+ Rxe8 31.Rxf6 Qg7 32.h3 bxa2 33.Kh2 Re3 34.Rf8+ Kxh7 35.Qxg7+ Kxg7
36.Rf1 Ra3 37.Ra1 Kf6 38.Bf1 Ra4 39.Bb5 Rb4 40.Ba6 Ra4 41.Bb5 Rb4 42.Bc6 Rb2+
43.Kg3 Kf5 44.h4 Rd2 45.Kf3 Rh2 46.Ke3 Ke5 47.Kd3 a4 48.Kc3 Rh3+ 49.Kb4 Rxh4+
50.Ka3 Kd4 51.Rxa2 Kc4 52.Kxa4 Kc5+ 53.Ka5 Rc4 54.Rb2 Rh4 55.Rc2+  1-0

[Event "Hoogovens"]
[Site "Wijk aan Zee"]
[Date "1989.??.??"]
[Round "?"]
[White "Benjamin, Joel"]
[Black "Sax, Gyula"]
[Result "1/2-1/2"]
[WhiteElo "2545"]
[BlackElo "2610"]

1.e4 c5 2.Nf3 e6 3.Nc3 d6 4.d4 cxd4 5.Qxd4 Nc6 6.Bb5 Bd7 7.Qd3 a6 8.Bxc6 Bxc6
9.Bf4 Qb6 10.O-O-O Rd8 11.Rhe1 Be7 12.Qe2 Nf6 13.Nd4 O-O  1/2-1/2

[Event "Hoogovens"]
[Site "Wijk aan Zee"]
[Date "1989.??.??"]
[Round "?"]
[White "Benjamin, Joel"]
[Black "Nikolic, Predrag"]
[Result "0-1"]
[WhiteElo "2545"]
[BlackElo "2605"]

1.e4 d6 2.d4 Nf6 3.Nc3 g6 4.Be3 Bg7 5.f3 c6 6.Qd2 Qa5 7.g4 h5 8.g5 Nfd7 9.f4 d5
10.f5 dxe4 11.fxg6 fxg6 12.Nxe4 Qxd2+ 13.Nxd2 O-O 14.Bd3 e5 15.Ngf3 exd4
16.Bxd4 Bxd4 17.Nxd4 Ne5 18.Be2 Rf4 19.N2f3 Nxf3+ 20.Nxf3 Bg4 21.O-O Bh3
22.Rf2 Nd7 23.Bf1 Bf5 24.Bg2 Rf8 25.Rd2 Nc5 26.Re1 h4 27.Rd4 Bxc2 28.Rc1 Be4
29.Nxh4 Nd3 30.Ra1 Bxg2 31.Rxd3 Be4  0-1

[Event "Hoogovens"]
[Site "Wijk aan Zee"]
[Date "1989.??.??"]
[Round "?"]
[White "Douven, Rudy C"]
[Black "Anand, Viswanathan"]
[Result "1/2-1/2"]
[WhiteElo "2445"]
[BlackElo "2515"]

1.d4 Nf6 2.c4 e6 3.Nf3 b6 4.g3 Ba6 5.b3 Bb7 6.Bg2 Bb4+ 7.Bd2 c5 8.O-O O-O
9.dxc5 Bxc5 10.Nc3 Ne4 11.Qc2 Nxd2 12.Qxd2 Qe7 13.Rfd1 Rd8 14.Qf4 Na6  1/2-1/2

[Event "Hoogovens"]
[Site "Wijk aan Zee"]
[Date "1989.??.??"]
[Round "?"]
[White "Douven, Rudy C"]
[Black "Miles, Anthony J"]
[Result "1/2-1/2"]
[WhiteElo "2445"]
[BlackElo "2520"]

1.d4 d6 2.c4 e5 3.Nc3 exd4 4.Qxd4 Nf6 5.e4 g6 6.Be3 Bg7 7.Qd2 O-O 8.f3 Be6
9.Rd1 Nbd7 10.b3 c6 11.Nge2 Qa5 12.Nd4 Rad8 13.Be2 Ne5 14.O-O c5 15.Nc2 Ne8
16.Na4 Qxd2 17.Bxd2 Nc6 18.Bg5 f6 19.Bh4 g5 20.Bf2 f5 21.exf5 Bxf5 22.Bd3 Bxd3
23.Rxd3 Ne5 24.Re3 Nc7 25.Rd1 g4 26.Bh4 Rd7 27.fxg4 Nxg4 28.Red3 b6 29.h3 Nh6
30.g4 Nf7 31.Bg3 Re7 32.Nc3 Ne5 33.Bxe5 Bxe5 34.Nd5 Nxd5 35.Rxd5 Bf4 36.Re1 Rxe1+
37.Nxe1 Be3+ 38.Kg2 Rf2+ 39.Kg3 Rxa2 40.Nf3 Ra3 41.Rxd6 Rxb3 42.Rd8+ Kf7
43.Rd7+ Ke6 44.Rxa7 h6 45.h4 Kd6 46.Rg7 Rc3 47.Rg6+ Ke7 48.Rxb6 Rxc4 49.g5 h5
50.Rh6 Rg4+ 51.Kh2 Bf4+ 52.Kh1 Rg3 53.Ng1 c4 54.Ne2 Rg4 55.Rxh5 Be5 56.g6 Re4
57.Nc1 Bf6 58.Rh7+ Ke6 59.Rc7 Kd5 60.Kg2 Rxh4 61.Ne2 Be5 62.g7 Rg4+ 63.Kf3 Rxg7
64.Rxg7 Bxg7 65.Nf4+ Kd4 66.Ne6+ Kd3 67.Nxg7 c3 68.Ne6 c2 69.Nf4+ Kd2 70.Ne2 c1=N
71.Nxc1 Kxc1  1/2-1/2

[Event "Hoogovens"]
[Site "Wijk aan Zee"]
[Date "1989.??.??"]
[Round "?"]
[White "Benjamin, Joel"]
[Black "Vaganian, Rafael A"]
[Result "0-1"]
[WhiteElo "2545"]
[BlackElo "2600"]

1.e4 e6 2.d4 d5 3.e5 c5 4.c3 Nc6 5.Nf3 Nge7 6.Bd3 cxd4 7.cxd4 Nf5 8.Bxf5 exf5
9.Nc3 Be6 10.a3 Be7 11.h4 h6 12.Bf4 Na5 13.Kf1 Qd7 14.Nd2 Rc8 15.Rh3 g6 16.Qe2 Kf8
17.Kg1 a6 18.Nf3 Nc4 19.Nd1 b5 20.Ne1 Qa7 21.Qd3 Qb6 22.Nc2 Qd8 23.b3 Nb6
24.Nb4 a5 25.Na6 a4 26.Qxb5 axb3 27.Rxb3 Nc4 28.Nc5 Bxc5 29.dxc5 Qxh4 30.g3 Qh3
31.c6 Kg7 32.Qc5 g5 33.Bc1 d4 34.Nb2 Rxc6 35.Qxc6 Na5 36.Qxe6 fxe6 37.Rb5 f4
38.Nd3 fxg3  0-1

[Event "Hoogovens"]
[Site "Wijk aan Zee"]
[Date "1989.??.??"]
[Round "?"]
[White "Douven, Rudy C"]
[Black "Sokolov, Ivan"]
[Result "1/2-1/2"]
[WhiteElo "2445"]
[BlackElo "2580"]

1.d4 Nf6 2.c4 g6 3.Nc3 d5 4.cxd5 Nxd5 5.e4 Nxc3 6.bxc3 Bg7 7.Bc4 O-O 8.Ne2 Qd7
9.O-O b6 10.Qd3 Nc6 11.a3 Bb7 12.Bg5 Na5 13.Ba2 c5 14.Rad1 e6 15.h4 Qa4 16.d5 c4
17.Qd2 exd5 18.exd5 Qxa3 19.d6 Qc5 20.h5 f6 21.Bf4 Qxh5 22.d7 Qc5 23.d8=Q Raxd8
24.Qxd8 Qc6 25.f3 Rxd8 26.Rxd8+ Kf7 27.Rfd1 Bc8 28.Nd4 Qa4 29.Re1 Qxa2 30.Rxc8 g5
31.Bd6 Kg6 32.Rg8 Kf7 33.Rc8 Kg6 34.Rg8 Kf7 35.Ra8 Kg6 36.Re7 Qa1+ 37.Kh2 Qxc3
38.Rg8 Qxd4 39.Rgxg7+ Kh6 40.Rxh7+ Kg6 41.Rhg7+ Kh6 42.Rh7+  1/2-1/2

[Event "Hoogovens"]
[Site "Wijk aan Zee"]
[Date "1989.??.??"]
[Round "?"]
[White "Douven, Rudy C"]
[Black "Tseshkovsky, Vitaly"]
[Result "1/2-1/2"]
[WhiteElo "2445"]
[BlackElo "2520"]

1.d4 f5 2.g3 Nf6 3.Bg2 e6 4.Nf3 d5 5.O-O Bd6 6.c4 c6 7.b3 Qe7 8.Nc3 O-O 9.Na4 Nbd7
10.Nb2 b6 11.Nd3 Bb7 12.Nfe5 Bxe5 13.dxe5 Ng4 14.Bb2 Rad8 15.h3 dxc4 16.bxc4 Ngxe5
17.Nxe5 Nxe5 18.Qa4 b5 19.cxb5 cxb5 20.Qxa7 Rd7 21.Rfd1 Bxg2 22.Rxd7 Qxd7
23.Qxd7  1/2-1/2

[Event "Hoogovens"]
[Site "Wijk aan Zee"]
[Date "1989.??.??"]
[Round "?"]
[White "Douven, Rudy C"]
[Black "Ribli, Zoltan"]
[Result "0-1"]
[WhiteElo "2445"]
[BlackElo "2625"]

1.d4 d5 2.c4 c6 3.Nc3 Nf6 4.e3 e6 5.Nf3 Nbd7 6.Bd3 dxc4 7.Bxc4 b5 8.Bd3 Bb7
9.e4 b4 10.Ne2 c5 11.e5 Nd5 12.Ng3 Be7 13.Qe2 cxd4 14.O-O Qb6 15.Bd2 O-O
16.Qe4 g6 17.Bg5 Bxg5 18.Nxg5 h6 19.Nh3 Kh7 20.Qe2 Nc5 21.Rfd1 Nxd3 22.Qxd3 a5
23.Ne4 Ne7 24.Nd6 Nf5 25.Nxf5 exf5 26.Qxd4 Qc6 27.f3 Rad8 28.Qf2 g5 29.Rac1 Rfe8
30.Re1 Qd5 31.Qc2 Rxe5 32.Rxe5 Qxe5 33.Nf2 Kg7 34.h3 Rd7 35.a3 Rd5 36.axb4 axb4
37.Qb3 Rd4 38.Qc2 Bd5 39.Rd1 Be6 40.Rxd4 Qxd4 41.Qe2 b3 42.h4 gxh4  0-1

[Event "Hoogovens"]
[Site "Wijk aan Zee"]
[Date "1989.??.??"]
[Round "?"]
[White "Douven, Rudy C"]
[Black "Van der Wiel, John TH"]
[Result "1/2-1/2"]
[WhiteElo "2445"]
[BlackElo "2560"]

1.d4 d5 2.c4 c6 3.Nc3 Nf6 4.e3 e6 5.Nf3 Nbd7 6.Bd3 dxc4 7.Bxc4 b5 8.Bd3 a6
9.e4 c5 10.e5 cxd4 11.Nxb5 Ng4 12.Qa4 Bb7 13.Nbxd4 Qb6 14.O-O Bc5 15.Be3 Nxe3
16.fxe3 h6 17.Kh1 Rd8 18.Rad1 O-O 19.Qc2 Rc8 20.Qf2 Be7 21.Bb1 Nc5 22.Qc2 Ne4
23.Qb3 Bc5 24.Qd3 Rfd8 25.Qe2 Rb8 26.Nd2 Ng5 27.Nc4 Qc7 28.b3 Bd5 29.Rc1 Qa7
30.Rfd1 Ba8 31.Qg4 Rbc8 32.h4 Nh7 33.Nd6 Bxd6 34.Rxc8 Rxc8 35.Bxh7+ Kxh7
36.exd6 Rd8 37.Qf4 Qc5 38.Nf3 Qc2 39.Qd4 Bxf3 40.gxf3 Qf2 41.Qf4 Rxd6 42.Rxd6  1/2-1/2

[Event "Hoogovens"]
[Site "Wijk aan Zee"]
[Date "1989.??.??"]
[Round "?"]
[White "Georgiev, Kiril"]
[Black "Ribli, Zoltan"]
[Result "1-0"]
[WhiteElo "2590"]
[BlackElo "2625"]

1.e4 c5 2.Nc3 Nc6 3.Nf3 e6 4.d4 cxd4 5.Nxd4 Qc7 6.g3 a6 7.Bg2 Nf6 8.O-O Be7
9.Re1 d6 10.Nxc6 bxc6 11.e5 dxe5 12.Rxe5 O-O 13.Bf4 Qb7 14.Re2 Rd8 15.Qe1 Qxb2
16.Rb1 Qa3 17.Bc7 Rf8 18.Rb3 Qc5 19.Na4 Qa7 20.Nb6 Qxc7 21.Nxa8 Qa7 22.Nb6 Bb7
23.Nc4 Ba8 24.Nb6 Bb7 25.Qb1 c5 26.Nd7 Bxg2 27.Nxf6+ Bxf6 28.Kxg2 c4 29.Rb7 Qd4
30.Rb8 g5 31.Rxf8+ Kxf8 32.Qb7 c3 33.Qxa6 Qd5+ 34.f3 Kg7 35.a4 h6 36.Qd3 Qa2
37.Qe4 Bd8 38.Re1 Be7 39.Rd1 f5 40.Qd4+ Kf7 41.Qxc3 Qxa4 42.Ra1 Qb5 43.Qd3 Qb7
44.g4 fxg4 45.Qh7+ Ke8 46.Qg6+ Kd7 47.Rd1+ Kc7 48.Qf7 gxf3+ 49.Qxf3 Qb4 50.Rd3 g4
51.Rc3+ Bc5 52.Qf7+ Kd6 53.Rd3+ Ke5 54.Qh5+ Kf6 55.Qxh6+ Kf5 56.Qh7+ Kf6
57.Rd7  1-0

[Event "Hoogovens"]
[Site "Wijk aan Zee"]
[Date "1989.??.??"]
[Round "?"]
[White "Miles, Anthony J"]
[Black "Benjamin, Joel"]
[Result "0-1"]
[WhiteElo "2520"]
[BlackElo "2545"]

1.Nf3 c5 2.c4 Nc6 3.b3 Nf6 4.Bb2 e6 5.e3 d5 6.cxd5 exd5 7.Ne5 Nxe5 8.Bxe5 Be7
9.Bb5+ Bd7 10.Bxd7+ Qxd7 11.O-O O-O 12.d3 Qf5 13.Bb2 Rad8 14.Qe2 Bd6 15.Nd2 Rfe8
16.Rae1 Qg6 17.Nf3 d4 18.e4 Nd5 19.Qd1 Nb4 20.a3 Nc6 21.Bc1 Qh5 22.g3 f5
23.exf5 Qxf5 24.Ng5 Bf8 25.f4 h6 26.Ne4 b5 27.Qc2 Kh8 28.Bd2 Rc8 29.Rc1 Nb8
30.Rfe1 Nd7 31.Qb2 Qd5 32.Re2 c4 33.bxc4 bxc4 34.Qa2 Qh5 35.g4 Qxg4+ 36.Rg2 Qf3
37.Rg3 Qh5 38.Rxc4 Rxc4 39.Qxc4 Qd1+ 40.Kg2 Qe2+  0-1

[Event "Hoogovens"]
[Site "Wijk aan Zee"]
[Date "1989.??.??"]
[Round "?"]
[White "Miles, Anthony J"]
[Black "Nikolic, Predrag"]
[Result "1/2-1/2"]
[WhiteElo "2520"]
[BlackElo "2605"]

1.Nf3 Nf6 2.g3 d5 3.Bg2 c6 4.b3 Bf5 5.Bb2 e6 6.d3 a5 7.a4 Bc5 8.Nbd2 O-O
9.O-O Nbd7 10.Qe1 Bg6 11.e4 dxe4 12.dxe4 Qc7 13.Kh1 Bb4 14.Qe2 Rfd8 15.Rad1 e5
16.Nh4 Bh5 17.Bf3 Bxf3+ 18.Nhxf3 b5 19.Kg2 Rab8 20.Ba1 Re8 21.axb5 cxb5 22.c4 Bxd2
23.Nxd2 b4 24.f4 Qc6 25.Qf3 Rbd8 26.g4 exf4 27.g5 Nxe4 28.Rfe1 Nf8 29.Nxe4 Rxd1
30.Qxd1 Rxe4 31.Qf3 Re6 32.Qxc6 Rxc6 33.Re8 Rg6 34.Kf3 Re6 35.Ra8 f6 36.gxf6 gxf6
37.Kxf4 Kf7 38.Rxa5 Re1 39.Ra7+ Kg6 40.Ra6 Ne6+ 41.Kg3 Kf5 42.Ra5+ Kg6 43.Ra6 Kf5
44.Ra5+  1/2-1/2

[Event "Hoogovens"]
[Site "Wijk aan Zee"]
[Date "1989.??.??"]
[Round "?"]
[White "Miles, Anthony J"]
[Black "Vaganian, Rafael A"]
[Result "1-0"]
[WhiteElo "2520"]
[BlackElo "2600"]

1.Nf3 d5 2.d4 Nf6 3.c4 e6 4.Nc3 Be7 5.Qc2 dxc4 6.e3 a6 7.a4 c5 8.dxc5 Bxc5
9.Bxc4 Qc7 10.Ne4 Nxe4 11.Qxe4 Nd7 12.Bd2 Nf6 13.Qh4 Bd7 14.Rc1 Qd6 15.O-O Bxa4
16.Bxe6 Bc6 17.Bxf7+ Kxf7 18.Qc4+ Bd5 19.Qxc5 Qxc5 20.Rxc5 Rhc8 21.Rfc1 Rxc5
22.Rxc5 Bxf3 23.Rc7+ Ke6 24.gxf3 Rd8 25.Bc3 Nd5 26.Rxb7 Nxc3 27.bxc3 Ra8
28.Kf1 a5 29.Ke2 a4 30.Rxg7 a3 31.Rg1 Rb8 32.Kd3 Rb2 33.Rg7 a2 34.Ra7 Rxf2
35.h4 Kd5 36.f4 h5 37.Ra5+ Kc6 38.c4 Kb6 39.Ra4 Kc5 40.Ke4 Re2 41.f5 Kd6
42.Ra5 Rc2 43.Kd3 Rh2 44.e4 Kc6 45.Kd4  1-0

[Event "Hoogovens"]
[Site "Wijk aan Zee"]
[Date "1989.??.??"]
[Round "?"]
[White "Nikolic, Predrag"]
[Black "Georgiev, Kiril"]
[Result "1/2-1/2"]
[WhiteElo "2605"]
[BlackElo "2590"]

1.d4 Nf6 2.c4 e6 3.Nf3 d5 4.Nc3 Be7 5.cxd5 exd5 6.Bg5 c6 7.Qc2 g6 8.e4 dxe4
9.Bxf6 Bxf6 10.Qxe4+ Qe7 11.Bc4 O-O 12.O-O Qxe4 13.Nxe4 Be7 14.Rfe1 Nd7 15.Bb3 Kg7
16.h3 h6 17.Rad1 Nb6 18.Nc3 Bb4 19.a3 Bxc3 20.bxc3 Bd7 21.c4 Rad8 22.c5 Nc8
23.Ne5 Ne7 24.g4 Bc8 25.Rd3 Nd5 26.Rf3  1/2-1/2

[Event "Hoogovens"]
[Site "Wijk aan Zee"]
[Date "1989.??.??"]
[Round "?"]
[White "Nikolic, Predrag"]
[Black "Douven, Rudy C"]
[Result "1-0"]
[WhiteElo "2605"]
[BlackElo "2445"]

1.d4 Nf6 2.Nf3 g6 3.Bf4 Bg7 4.e3 d6 5.h3 O-O 6.Be2 Nbd7 7.c4 Ne4 8.Qc2 e5
9.Qxe4 Nf6 10.Qc2 exf4 11.exf4 Bf5 12.Bd3 Re8+ 13.Kf1 Bxd3+ 14.Qxd3 c5 15.Nc3 cxd4
16.Nxd4 d5 17.c5 Ne4 18.Nb3 Qf6 19.g3 Nxc3 20.bxc3 Qxc3 21.Rd1 Rad8 22.Kg2 Qb4
23.Qf3 d4 24.Rd3 a5 25.Rb1 a4 26.Nd2 Qxc5 27.Rxb7 Rb8 28.Rd7 Red8 29.Ne4 Qb5
30.Ra7 Rd7 31.Rxd7 Qxd7 32.Nc3 Rc8 33.Rd2 h6 34.Nd5 Rc1 35.h4 Rc5 36.Nb4 h5
37.Nd3 Rc8 38.Qe4 Rd8 39.Re2 Kh7 40.Rb2 Re8 41.Qf3 Qe6 42.Rc2 Re7 43.f5 Qxf5
44.Qxf5 gxf5 45.Kf3 a3 46.Rc5 Bf8 47.Rxf5 Rc7 48.Rxh5+ Kg6 49.Nf4+ Kg7 50.Rg5+ Kh7
51.Nd5 Rc6 52.Ke4 Bh6 53.Rf5 Rc2 54.Rxf7+ Bg7 55.Ne7 Re2+ 56.Kd3 Rxa2 57.Nf5 Kg6
58.Rxg7+ Kxf5 59.Kxd4 Rb2 60.Rg5+ Kf6 61.Ra5  1-0

[Event "Hoogovens"]
[Site "Wijk aan Zee"]
[Date "1989.??.??"]
[Round "?"]
[White "Nikolic, Predrag"]
[Black "Vaganian, Rafael A"]
[Result "1/2-1/2"]
[WhiteElo "2605"]
[BlackElo "2600"]

1.d4 Nf6 2.c4 e6 3.Nf3 d5 4.Nc3 Be7 5.Bg5 O-O 6.e3 h6 7.Bh4 b6 8.Be2 Bb7
9.Bxf6 Bxf6 10.cxd5 exd5 11.O-O Qe7 12.Qb3 Rd8 13.Rad1 c6 14.Rfe1 Nd7 15.Bf1 Nf8
16.e4 dxe4 17.Nxe4 Ne6 18.Bc4 Re8 19.Ne5 Rad8 20.Nxf7 Qxf7 21.Nxf6+ Qxf6
22.Rxe6 Rxe6 23.Bxe6+ Kh8 24.h3 Rxd4 25.Rxd4 Qxd4 26.Qg3 Qd8 27.Bf5 c5 28.Qg6 Qg8
29.Qd6 Bd5 30.a3 Qa8 31.f3 Bg8 32.Kf2 Qd5 33.Qxd5 Bxd5 34.Bg6 Kg8 35.Kg3 Bf7
36.Be4 Bc4 37.Kg4 Kf7 38.Kf5 g5 39.Ke5 Bf1 40.f4 gxf4 41.h4 b5 42.Kxf4 Ke6
43.g4 b4 44.Bf5+ Kd6 45.axb4 cxb4 46.b3 Be2 47.Bc2 Ke6 48.g5 hxg5+ 49.hxg5 a5
50.Ke3 Bb5 51.Kd4 a4 52.bxa4 Bxa4 53.Bxa4 Kf5 54.Kc4  1/2-1/2

[Event "Hoogovens"]
[Site "Wijk aan Zee"]
[Date "1989.??.??"]
[Round "?"]
[White "Nikolic, Predrag"]
[Black "Piket, Jeroen"]
[Result "1-0"]
[WhiteElo "2605"]
[BlackElo "2500"]

1.Nf3 Nf6 2.d4 d5 3.Bf4 Bf5 4.c4 c6 5.e3 e6 6.Nc3 Nbd7 7.Qb3 Qb6 8.c5 Qxb3
9.axb3 a6 10.b4 Rc8 11.h3 h6 12.Nd2 Be7 13.Nb3 Bd8 14.Bd6 Ne4 15.Nxe4 Bxe4
16.f3 Bg6 17.Na5 Bxa5 18.bxa5 Kd8 19.Ra4 Ra8 20.Rb4 Kc8 21.h4 h5 22.Rh3 Bf5
23.Rg3 g6 24.Kd2 Re8 25.Rg5 f6 26.Rg3 g5 27.Bd3 g4 28.e4 dxe4 29.fxe4 Bg6
30.Bc2 f5 31.e5 Rg8 32.Rgb3 Ra7 33.Bd3 Nb8 34.Ke3 Rg7 35.Kf4 Bf7 36.Rb6 Be8
37.d5 cxd5 38.Bxb8 Kxb8 39.Rxe6 Ba4 40.Rb4 g3 41.Bxf5 Bd7 42.Rg6  1-0

[Event "Hoogovens"]
[Site "Wijk aan Zee"]
[Date "1989.??.??"]
[Round "?"]
[White "Piket, Jeroen"]
[Black "Douven, Rudy C"]
[Result "1-0"]
[WhiteElo "2500"]
[BlackElo "2445"]

1.d4 Nf6 2.Nf3 e6 3.c4 b6 4.Nc3 Bb7 5.a3 d5 6.Bg5 Be7 7.Bxf6 Bxf6 8.cxd5 exd5
9.Qb3 O-O 10.Rd1 Qd6 11.g3 c5 12.Bg2 Nd7 13.O-O Rfe8 14.e3 Rad8 15.Qa2 Nf8
16.Rd2 Ne6 17.Rfd1 cxd4 18.Nb5 Qd7 19.Nbxd4 Nc5 20.Rc2 Rc8 21.Bf1 a6 22.h4 Qg4
23.Bg2 Ne6 24.Rxc8 Rxc8 25.Qb3 Bxd4 26.Nxd4 h6 27.Nxe6 fxe6 28.Qd3 a5 29.Kh2 Kf7
30.e4 Rd8 31.Qd4 Rd6 32.Rc1 Kg8 33.Rc7 Ba6 34.Bh3 Qg6 35.h5 e5 36.Qxe5 Qf6
37.Qe8+ Qf8 38.Be6+ Rxe6 39.Qxe6+ Kh8 40.Rf7  1-0

[Event "Hoogovens"]
[Site "Wijk aan Zee"]
[Date "1989.??.??"]
[Round "?"]
[White "Piket, Jeroen"]
[Black "Georgiev, Kiril"]
[Result "1/2-1/2"]
[WhiteElo "2500"]
[BlackElo "2590"]

1.d4 Nf6 2.Nf3 e6 3.c4 d5 4.Nc3 Be7 5.Bg5 h6 6.Bxf6 Bxf6 7.e3 O-O 8.Rc1 c6
9.Bd3 Nd7 10.cxd5 exd5 11.b4 a6 12.a4 Be7 13.b5 Bd6 14.O-O Nf6 15.Qc2 axb5
16.axb5 Bg4 17.bxc6 bxc6 18.Ne5 c5 19.Nxg4 Nxg4 20.h3 cxd4 21.Nxd5 Nf6  1/2-1/2

[Event "Hoogovens"]
[Site "Wijk aan Zee"]
[Date "1989.??.??"]
[Round "?"]
[White "Piket, Jeroen"]
[Black "Sax, Gyula"]
[Result "1-0"]
[WhiteElo "2500"]
[BlackElo "2610"]

1.d4 Nf6 2.c4 e6 3.Nc3 Bb4 4.Nf3 c5 5.g3 cxd4 6.Nxd4 O-O 7.Bg2 d5 8.O-O dxc4
9.Qa4 Na6 10.Ndb5 Nd5 11.Rd1 Bd7 12.Nxd5 exd5 13.Bxd5 Qe8 14.Bxc4 Bc6 15.Rd4 Qe5
16.Qc2 Bxb5 17.Rd5 Qc7 18.Rxb5 Rac8 19.b3 Bc5 20.Bb2 Rfd8 21.Qf5 Qe7 22.Qg4 g6
23.Qf3 Rc6 24.Rxc5  1-0

[Event "Hoogovens"]
[Site "Wijk aan Zee"]
[Date "1989.??.??"]
[Round "?"]
[White "Van der Wiel, John TH"]
[Black "Tseshkovsky, Vitaly"]
[Result "1/2-1/2"]
[WhiteElo "2560"]
[BlackElo "2520"]

1.e4 e5 2.Nf3 Nc6 3.Bb5 a6 4.Ba4 Nf6 5.Nc3 b5 6.Bb3 Be7 7.d3 d6 8.Nd5 Na5
9.Nxe7 Qxe7 10.O-O Nxb3 11.axb3 O-O 12.Re1 Nd7 13.Bg5 f6 14.Bh4 Qf7 15.d4 Bb7
16.dxe5 dxe5 17.Nd2 Rfd8 18.f3 Nf8 19.Qc1 c5 20.c3 Rd3 21.Qc2 Rad8 22.Nf1 Qd7
23.Bf2 Ne6 24.Bd4 Rxf3 25.Be3 Rxf1+ 26.Kxf1 Rc8 27.Rad1 Qf7 28.Rd6 Qe7 29.Rd2 Bc6
30.Qd1 Bxe4 31.Rd7 Qe8 32.Rd6 f5 33.Re2 c4 34.bxc4 bxc4 35.Kg1 Bd3 36.Re1 Rc6
37.Qa4 Be4 38.Rxc6 Qxc6 39.Ra1 Qd5 40.Qxa6 f4 41.Qc8+ Kf7 42.Ra7+ Kf6 43.Rd7 Qa5
44.Ra7 Qd5 45.Rd7 Qa5  1/2-1/2

[Event "Hoogovens"]
[Site "Wijk aan Zee"]
[Date "1989.??.??"]
[Round "?"]
[White "Van der Wiel, John TH"]
[Black "Sax, Gyula"]
[Result "0-1"]
[WhiteElo "2560"]
[BlackElo "2610"]

1.e4 c5 2.Nf3 d6 3.d4 cxd4 4.Nxd4 Nf6 5.Nc3 e6 6.f4 a6 7.Qf3 Qb6 8.Nb3 Qc7
9.g4 b5 10.g5 Nfd7 11.Bd3 Bb7 12.Be3 Nc5 13.f5 b4 14.Ne2 Nbd7 15.Nxc5 Ne5
16.Qh3 dxc5 17.fxe6 c4 18.O-O cxd3 19.cxd3 fxe6 20.Qxe6+ Qe7 21.Qb3 Qd7 22.Rf5 Bd6
23.Bd4 Nc6 24.Bb6 Bc7 25.Bxc7 Qxc7 26.Rc1 O-O-O 27.d4 Kb8 28.Rfc5 Qe7 29.Qg3+ Ka8
30.Rxc6 Qxe4 31.Qg2 Qxg2+ 32.Kxg2 Rd6 33.d5 Bxc6 34.dxc6 Rc8 35.Rc4 Rdxc6
36.Rxb4 Rc2 37.Kf3 Rb8 38.Ra4 Ka7 39.b3 Rf8+ 40.Nf4 Rxh2 41.Rd4 Rf7 42.a4 Rh3+  0-1

[Event "Hoogovens"]
[Site "Wijk aan Zee"]
[Date "1989.??.??"]
[Round "?"]
[White "Van der Wiel, John TH"]
[Black "Nikolic, Predrag"]
[Result "1/2-1/2"]
[WhiteElo "2560"]
[BlackElo "2605"]

1.e4 e5 2.Nf3 Nc6 3.Bb5 a6 4.Ba4 Nf6 5.Nc3 b5 6.Bb3 Be7 7.d3 d6 8.Nd5 Be6
9.Bd2 O-O 10.O-O Nb8 11.Nxe7+ Qxe7 12.Re1 c5 13.c3 Bxb3 14.axb3 Nc6  1/2-1/2

[Event "Hoogovens"]
[Site "Wijk aan Zee"]
[Date "1989.??.??"]
[Round "?"]
[White "Van der Wiel, John TH"]
[Black "Miles, Anthony J"]
[Result "1/2-1/2"]
[WhiteElo "2560"]
[BlackElo "2520"]

1.e4 c6 2.c4 e5 3.Nf3 d6 4.d4 Nd7 5.Nc3 Ngf6 6.Be2 Be7 7.O-O O-O 8.Re1 Qc7
9.Bf1 a6 10.Bg5 b5 11.a3 Bb7 12.Rc1 Qb8 13.b4 Re8 14.d5 cxd5 15.cxd5 h6 16.Be3 Bd8
17.Nd2 Bc7 18.Nb3 Qd8 19.g3 Nf8 20.Bh3 Bc8 21.Bxc8 Rxc8 22.f3 Ng6 23.Nb1 Ne7
24.Rc3 Nd7 25.Qd3 Bb6 26.Rxc8 Qxc8 27.Bxb6 Nxb6 28.N1d2 Qb8 29.Rc1 Rc8 30.Qf1 Na4
31.Rxc8+ Qxc8 32.Qc1 Qd7 33.Nf1 f5 34.Ne3 fxe4 35.fxe4 Kh7 36.Kg2 Qa7 37.Kf3 Nb6
38.Na5 Nd7 39.Nc6 Qc7 40.Qc2 Ng8 41.Qg2 Nf8 42.Qh3 g6 43.Qh4 Kg7 44.Qd8 Qxd8
45.Nxd8 Kf6 46.Nc6 Nd7 47.g4 Kg7 48.h4 Ngf6 49.Ne7 Nb6 50.h5 gxh5 51.gxh5 Nxh5
52.N7f5+ Kf8 53.Nxd6 Nf6 54.Ng4 Nxg4 55.Kxg4 Nc4 56.Nb7 Ke7 57.Nc5 Nxa3 58.Nxa6 Kd6
59.Kh5 Nb1 60.Nc5 Nc3  1/2-1/2

[Event "Hoogovens"]
[Site "Wijk aan Zee"]
[Date "1989.??.??"]
[Round "?"]
[White "Van der Wiel, John TH"]
[Black "Benjamin, Joel"]
[Result "1/2-1/2"]
[WhiteElo "2560"]
[BlackElo "2545"]

1.e4 c5 2.Nf3 Nc6 3.d4 cxd4 4.Nxd4 Nf6 5.Nc3 d6 6.Bg5 Qb6 7.Nb3 e6 8.Bd3 Be7
9.O-O O-O 10.Kh1 a6 11.Qe2 Qc7 12.f4 b5 13.Rae1 Nb4 14.e5 Nfd5 15.Bxe7 Qxe7
16.Ne4 dxe5 17.fxe5 Nxd3 18.cxd3 Bd7 19.Nbc5 Bc6 20.Qg4 Kh8 21.Rf3 Rae8 22.Nd6 f5
23.Qd4 Qd8 24.Rf2  1/2-1/2

[Event "Hoogovens"]
[Site "Wijk aan Zee"]
[Date "1989.??.??"]
[Round "?"]
[White "Vaganian, Rafael A"]
[Black "Sokolov, Ivan"]
[Result "1/2-1/2"]
[WhiteElo "2600"]
[BlackElo "2580"]

1.Nf3 Nf6 2.c4 g6 3.Nc3 d5 4.cxd5 Nxd5 5.Qa4+ Bd7 6.Qh4 Nf6 7.d4 Bg4 8.Bg5 Bxf3
9.exf3 Bg7 10.Bc4 h6 11.Be3 Nbd7 12.d5 Nb6 13.Bb5+ Kf8 14.Bxb6 axb6 15.Rd1 Ne8
16.Bxe8 Qxe8 17.O-O Qd7 18.Rfe1 Bf6 19.Qc4 Kg7 20.Re2 Rhd8 21.Red2 Bxc3 22.Qxc3+ Kg8
23.a3 Qd6 24.Rd4 Rd7 25.g3 Rad8 26.Rc1 Qf6 27.Rc4 Qxc3 28.R4xc3 Rc8 29.Kf1 Kf8
30.Ke2 Ke8 31.Ke3 Kd8 32.Ke4 Rd6 33.f4 Kd7 34.Rd3 Ra8 35.Rcd1 b5 36.h4 h5
37.R1d2 Ra4+ 38.Rd4 f5+ 39.Ke5 Ra8 40.Rb4 Ra4 41.Rbd4 Ra8 42.Rb4 Ra4 43.Rdd4 Rxb4
44.Rxb4 c6 45.Rd4 cxd5 46.Rxd5 Kc6 47.Rd4 Rxd4 48.Kxd4 Kd6 49.b3 b6 50.a4 bxa4
51.bxa4 Kc6 52.Kc4 Kd6  1/2-1/2

[Event "Hoogovens"]
[Site "Wijk aan Zee"]
[Date "1989.??.??"]
[Round "?"]
[White "Vaganian, Rafael A"]
[Black "Ribli, Zoltan"]
[Result "1/2-1/2"]
[WhiteElo "2600"]
[BlackElo "2625"]

1.d4 d5 2.c4 c6 3.Nf3 Nf6 4.Nc3 dxc4 5.a4 Bf5 6.Ne5 e6 7.f3 Bb4 8.e4 Bxe4
9.fxe4 Nxe4 10.Bd2 Qxd4 11.Nxe4 Qxe4+ 12.Qe2 Bxd2+ 13.Kxd2 Qd5+ 14.Kc2 Na6
15.Nxc4 O-O 16.Qe5 Rfd8 17.Be2 f6 18.Qxd5 cxd5 19.Nd2 Rac8+ 20.Kb3 Nc5+ 21.Kb4 Kf7
22.Rhc1 Ne4 23.Nxe4 dxe4 24.Rxc8 Rxc8 25.Kb3 f5 26.Rd1 Ke7 27.Bb5 Rc7 28.Rd4 Kf6
29.Rd7 Rxd7 30.Bxd7 Ke5 31.Kc4 f4 32.Kc3 g5 33.g4 b6 34.Bc8 h6 35.b3 a5 36.Bd7 Kd6
37.Bc8 Ke5 38.Kc2 Kd5 39.Kd2 Kd6 40.Ba6 Kd5 41.Kc3 Ke5 42.Bc4 f3 43.Kd2 Kd4
44.Bxe6 e3+ 45.Kc2 Ke5 46.Bd7 Ke4 47.Kd1 Kf4  1/2-1/2

[Event "Hoogovens"]
[Site "Wijk aan Zee"]
[Date "1989.??.??"]
[Round "?"]
[White "Tseshkovsky, Vitaly"]
[Black "Vaganian, Rafael A"]
[Result "1/2-1/2"]
[WhiteElo "2520"]
[BlackElo "2600"]

1.e4 e6 2.d4 d5 3.Nd2 c5 4.Ngf3 Nc6 5.exd5 exd5 6.Bb5 Bd6 7.dxc5 Bxc5 8.Nb3 Bd6
9.O-O Ne7 10.Re1 O-O 11.Bd3 h6 12.h3 Nf5 13.c3 Qf6 14.Bc2 Be6 15.Qd3 Rfe8
16.Bd2  1/2-1/2